English Grammar/ (Record no. 75452)

MARC details
000 -LEADER
fixed length control field 00698nam a22002297a 4500
005 - DATE AND TIME OF LATEST TRANSACTION
control field 20130511164109.0
008 - FIXED-LENGTH DATA ELEMENTS--GENERAL INFORMATION
fixed length control field 130511b xxu||||| |||| 00| 0 eng d
010 ## - LCCN (DPL NO)
LC control number B-519447
020 ## - INTERNATIONAL STANDARD BOOK NUMBER
Terms of availability 185.00
International Standard Book Number 8178121700
035 ## - SYSTEM CONTROL NUMBER
System control number B-519447
037 ## - SOURCE OF ACQUISITION
Source of stock number/acquisition UBH
040 ## - CATALOGING SOURCE
Original cataloging agency dpl
Language of cataloging eng
082 ## - DEWEY DECIMAL CLASSIFICATION NUMBER
Classification number 485
100 ## - MAIN ENTRY--PERSONAL NAME
Personal name Gupta, Anjani A.
245 ## - TITLE STATEMENT
Title English Grammar/
Statement of responsibility, etc Anjani A. Gupta
250 ## - EDITION STATEMENT
Edition statement 28th ed.
260 ## - PUBLICATION, DISTRIBUTION, ETC. (IMPRINT)
Place of publication, distribution, etc New Delhi
Name of publisher, distributor, etc Ramesh Publishing House
Date of publication, distribution, etc 2012
270 ## - ADDRESS
Address 12-H, New Dariya Ganj Rd.
City Delhi
Postal code 110002
300 ## - PHYSICAL DESCRIPTION
Extent 536p
Dimensions 22cm
942 ## - ADDED ENTRY ELEMENTS (KOHA)
Source of classification or shelving scheme Dewey Decimal Classification
Item type Hindi Books
Classification part 485
Call number suffix GUP
Holdings
Withdrawn status Lost status Source of classification or shelving scheme Damaged status Not for loan Collection code Home library Current library Date acquired Source of acquisition Cost, normal purchase price Total Checkouts Full call number Barcode Date last seen Copy number Cost, replacement price Koha item type
  Written-off vide DLB M. No. 383 dt 16.05.19 Dewey Decimal Classification     Non-fiction Sriniwas Puri Sriniwas Puri 11/05/2013 UBH/221/21.3.13/DPL/ZLS/RP/2012-13/5/15.3.13/26.3.13 185.00   485 GUP B-519447 11/05/2013 1 185.00 English Books

© Delhi Public Library
Hit Counter
free hit counter